000 02596cam a22005174i 4500
003 PE-LiUPU
005 20250731173427.0
008 150706s2012 mx rb 000 0 spa d
020 _aEn tramite
035 _a(Sirsi) a51819
040 _aPE-LiUPU
_bspa
_cPE-LiUPU
_erda
049 _aPRUA
082 0 4 _a220.92
_bP45
_221
100 1 _aPereyra Lavandina, Mario,
_eautor.
245 1 0 _aBiografías bíblicas /
_cMario Pereyra Lavandina.
264 1 _aMéxico :
_bEditorial Montemorelos,
_c2012.
300 _a179 páginas ;
_c23 centímetros
336 _atext
_2rdacontent
337 _aunmediated
_2rdamedia
338 _avolume
_2rdacarrier
504 _aIncluye bibliografía.
505 0 _aIssac: Una "vida de obediencia" -- Lea: El triunfo del amor -- Sófora: El rostro oculto de moisés -- Rahab: La búsqueda de la libertad -- Gedeón: Un hombre valiente -- Jefté: vida y tragedia de un héroe -- Abigail: El irresistible encanto de la inteligencia -- La su lamita: Canto al amor -- -- Esdras: Un intelectual comprometido -- Natanael -- Cuando el cielo muestra el camino -- Una metáfora de la libertad -- Vidas paralelas: La mujer perdonada y el ciego sanado -- Bartimeo: la búsqueda de visión -- Zaqueo: La auténtica superioridad -- Personalidad humana y Dios.
526 _aSEG42
526 _aSEG41
526 _aSEG40
526 _aSEG39
526 _aP94
526 _aP87
526 _aP86
526 _aP85
526 _aP77
526 _aP76
526 _aP35
541 _g00000391;
541 _g00000391;
630 _aBiblia
_vBiografías.
650 0 4 _aVida cristiana
_xEnseñanza Bíblica.
910 _agl
_bjv
_c ng
_d20121217
942 _2ddc
_cBOOK
949 _a220.92 P45
_wDEWEY
_c1
_i66025
_lCCODEBUL1
_mBUL
_p31.00
_r0
_sY
_tLIBRO
_u2015-07-06
_xSALUD
_PP33
_o.STAFF. Colección Teología
949 _a220.92 P45
_wDEWEY
_c2
_i66026
_lCCODEBUL1
_mBUL
_p31.00
_r0
_sY
_tLIBRO
_u2015-07-06
_xSALUD
_PP33
_o.STAFF. Colección Teología
994 _aC0
_bPEPRU
596 _a1
999 _a220.92 P45
_wDEWEY
_c54383
_i66025
_d54383
_e2019-8-19
_f2021-11-9
_g5
_lCCODEBUL1
_mBUL
_n10
_p31.00
_q4
_r0
_sY
_tBOOK
_u2015-7-6
_xTEOLOGIA
_PP33
_0COMPRA
_o.STAFF. Colección Teología
999 _a220.92 P45
_wDEWEY
_c2
_i66026
_d2019-9-10
_e2019-9-8
_f2021-11-9
_g5
_lCCODEBUL1
_mBUL
_n6
_p31.00
_q2
_r0
_sY
_tBOOK
_u2015-7-6
_xTEOLOGIA
_PP33
_0COMPRA
_o.STAFF. Colección Teología
980 _81
_gALBERTO SANCHEZ Responsable de Automatización